Semblaza de San Pío X / (Record no. 134228)

MARC details
000 -LEADER
campo de control de longitud fija 00544nam a2200193 i 4500
001 - NÚMERO DE CONTROL
campo de control 134228
003 - IDENTIFICADOR DE NÚMERO DE CONTROL
campo de control ES-MaACL
005 - FECHA Y HORA DE LA ÚLTIMA TRANSACCIÓN
campo de control 20240416201203.0
007 - CAMPO FIJO DE DESCRIPCIÓN FÍSICA--INFORMACIÓN GENERAL
campo de control de longitud fija t|
008 - DATOS DE LONGITUD FIJA--INFORMACIÓN GENERAL
campo de control de longitud fija 070906s1960 sp ||||1| spa d
100 1# - ENTRADA PRINCIPAL--NOMBRE DE PERSONA
Nombre de persona Xandró, Mauricio.
9 (RLIN) 117492
245 10 - MENCIÓN DEL TÍTULO
Título Semblaza de San Pío X /
Mención de responsabilidad, etc. Mauricio Xandró.
250 ## - MENCION DE EDICION
Mención de edición 2ª ed. corr. y aum.
260 ## - PUBLICACIÓN, DISTRIBUCIÓN, ETC.
Lugar de publicación, distribución, etc. Madrid :
Nombre del editor, distribuidor, etc. Studium,
Fecha de publicación, distribución, etc. [1960]
300 ## - DESCRIPCIÓN FÍSICA
Extensión 120 p. :
Otras características físicas il. ;
Dimensiones 18 cm.
600 04 - PUNTO DE ACCESO ADICIONAL DE MATERIA--NOMBRE DE PERSONA
Nombre de persona Pío
Numeración X,
Títulos y otros términos asociados al nombre Papa, Santo
9 (RLIN) 92299
852 ## - LOCALIZACIÓN
Ubicación ES-MaACL
Número de control de estantería C-19246
Sublocalización o colección R.47158
Holdings
Estatus retirado Estado de pérdida Estado de daño No para préstamo Biblioteca de origen Biblioteca actual Ubicación en estantería Fecha de adquisición Fuente de adquisición Total de préstamos Signatura topográfica completa Código de barras Visto por última vez Precio de reemplazo Tipo de ítem Koha
        Biblioteca del Ateneo de Madrid Biblioteca del Ateneo de Madrid Galería 17/01/2008     C-19246 1139721 23/02/2023 23/02/2023 Libro impreso